Dumbstruck : a cultural history of ventriloquism (Record no. 154163)

MARC details
000 -LEADER
fixed length control field 00682nam a2200217Ia 4500
008 - FIXED-LENGTH DATA ELEMENTS--GENERAL INFORMATION
fixed length control field 191130s2000##################000#0#eng##
020 ## - INTERNATIONAL STANDARD BOOK NUMBER
ISBN 9780198184331
082 ## - DEWEY DECIMAL CLASSIFICATION NUMBER
Classification number 793.89 CON
100 ## - MAIN ENTRY--AUTHOR NAME
Personal name Connor, Steven
245 ## - TITLE STATEMENT
Title Dumbstruck : a cultural history of ventriloquism
Statement of responsibility, etc Steven Connor
260 ## - PUBLICATION, DISTRIBUTION, ETC. (IMPRINT)
Place of publication Oxford
Name of publisher Oxford University Press
Year of publication 2000
300 ## - PHYSICAL DESCRIPTION
Number of Pages viii, 449 p. : ill. ; 24 cm
500 ## - GENERAL NOTE
General note Includes bibliographical references (p. [418]-435) and index
650 ## - SUBJECT ADDED ENTRY--TOPICAL TERM
Topical Term Ventriloquism - History
Topical Term Ventriloquism - Social aspects
991 ## -
-- 335212
Holdings
Withdrawn status Lost status Damaged status Not for loan Home library Current library Shelving location Date acquired Full call number Accession Number Price effective from Koha item type
        Anna Centenary Library Anna Centenary Library 6TH FLOOR, B WING 12.10.2020 793.89 CON 190091 12.10.2020 English Books

Find us on the map